Science and Health: (Record no. 19997)

MARC details
000 -LEADER
fixed length control field 00510nam a22001817a 4500
003 - CONTROL NUMBER IDENTIFIER
control field BDDh-ASL
005 - DATE AND TIME OF LATEST TRANSACTION
control field 20231015025831.0
008 - FIXED-LENGTH DATA ELEMENTS--GENERAL INFORMATION
fixed length control field 201223s1971 mau||||| |||| 00| 0 eng d
040 ## - CATALOGING SOURCE
Transcribing agency BDDh-ASL
082 ## - DEWEY DECIMAL CLASSIFICATION NUMBER
Classification number 220.85
Item number MAS
100 1# - MAIN ENTRY--PERSONAL NAME
9 (RLIN) 2553
Personal name Eddy, Mary Baker
245 10 - TITLE STATEMENT
Title Science and Health:
Remainder of title With Key to the Scriptures /M
260 ## - PUBLICATION, DISTRIBUTION, ETC.
Place of publication, distribution, etc. Massachusetts:
Name of publisher, distributor, etc. The First Church of Christ,
Date of publication, distribution, etc. 1971.
300 ## - PHYSICAL DESCRIPTION
Extent 700 p.:
Dimensions 19 cm.
650 #0 - SUBJECT ADDED ENTRY--TOPICAL TERM
9 (RLIN) 2391
Topical term or geographic name entry element Social Science
650 #0 - SUBJECT ADDED ENTRY--TOPICAL TERM
9 (RLIN) 2554
Topical term or geographic name entry element Health
942 ## - ADDED ENTRY ELEMENTS (KOHA)
Source of classification or shelving scheme Dewey Decimal Classification
Koha item type Books
Holdings
Withdrawn status Lost status Source of classification or shelving scheme Damaged status Not for loan Collection code Home library Current library Shelving location Date acquired Source of acquisition Total Checkouts Full call number Barcode Date last seen Copy number Price effective from Koha item type
    Dewey Decimal Classification     Non-fiction Asiatic Society Library Asiatic Society Library General Stacks 12/23/2020 ASB Collection   220.85 MAS 103394 12/23/2020 C-1 12/23/2020 Books
    Dewey Decimal Classification     Non-fiction Asiatic Society Library Asiatic Society Library General Stacks 12/23/2020 ASB Collection   220.85 MAS 103395 12/23/2020 C-2 12/23/2020 Books
    Dewey Decimal Classification     Non-fiction Asiatic Society Library Asiatic Society Library General Stacks 12/23/2020 ASB Collection   220.85 MAS 103396 12/23/2020 C-3 12/23/2020 Books
    Dewey Decimal Classification     Non-fiction Asiatic Society Library Asiatic Society Library General Stacks 12/23/2020 ASB Collection   220.85 MAS 103397 12/23/2020 C-4 12/23/2020 Books
    Dewey Decimal Classification     Non-fiction Asiatic Society Library Asiatic Society Library General Stacks 12/25/2020 ASB Collection   220.85 MAS 103497 12/25/2020 C-5 12/25/2020 Books

Powered by Koha